| 000 | 01049nam a22001937a 4500 | ||
|---|---|---|---|
| 003 | OSt | ||
| 005 | 20251120163104.0 | ||
| 008 | 251120b |||||||| |||| 00| 0 eng d | ||
| 040 | _cDCL | ||
| 082 | _a၂၉၄.၃၈၂၃၅၆ | ||
| 130 |
_aတိပိဋက။ _pသုတ္တန္တပိဋက။ _pခုဒ္ဒကနိကာယ။ _tအပါဒါန်၊ _lအဋ္ဌကထာ၊ _gနိဿယ။ |
||
| 245 |
_aအပဒါန် အဋ္ဌကထာနိဿ ၊ _nဒုတိယတွဲ၊ ပထမပိုင်း / _cအရှင်ပါမောက္ခ။ |
||
| 264 |
_aမန္တလေး ၊ _bသာသနာရေးဦးစီး၊ _c၂၀၁၅။ |
||
| 300 |
_aဈ၊၄၇၅ စာမျက်နှာ ၊ _c၂၆ စင်တီ။ |
||
| 650 |
_aအပဒါန် _vအဋ္ဌကထာနိဿယ။ |
||
| 650 |
_aအပါဒါန် _vအဋ္ဌကထာနိဿယ။ |
||
| 700 | _aပါမောက္ခ၊ အရှင် | ||
| 942 |
_2ddc _cSHORT TERM _n0 |
||
| 999 |
_c2553 _d2553 |
||